| 000 | 00604nas a22002057a 4500 | ||
|---|---|---|---|
| 005 | 20260602112503.0 | ||
| 008 | 260602b1936 por u|j| |||| 00| z por d | ||
| 040 | _cBR-ViAPE | ||
| 245 | _aChanaan | ||
| 260 |
_aVitória _c1936 |
||
| 300 |
_av. _bil. |
||
| 310 | _aIrregular | ||
| 362 | _aAno 1, n. 9 (set. 1936)- | ||
| 500 | _aColeção incompleta: disponíveis apenas alguns números do periódico. | ||
| 650 |
_aPolítica _xCultura _xPersonalidades _zEspírito Santo |
||
| 651 |
_aEspírito Santo (Brasil) _vPeriódicos |
||
| 700 |
_aMadeira, Carlos _eDiretor |
||
| 942 |
_2ddc _cPER _n1 |
||
| 999 |
_c744 _d744 |
||